New York General Knowledge - Statistics

General Stats
  • This quiz has been taken 155 times
  • The average score is 11 of 15
Answer Stats
Hint Answer % Correct
The largest city in america New York City
99%
Capital city known for beautiful architecture and art Albany
89%
Largest city park in the United States Central Park
89%
Famous MLB team in NYC Yankees
87%
City and state park known for its waterfalls Niagara Falls
81%
New York's second largest city known for its art deco architecture Buffalo
76%
Nickname: ______ State Empire
73%
Buffalo's NFL team Bills
72%
Iconic sculpture from France by Frédéric Auguste Bartholdi Statue of Liberty
72%
Beach and entertainment destination in Brooklyn Coney Island
70%
26th president, born in Manhattan Theodore Roosevelt
70%
Major city located on Lake Ontario Rochester
63%
Ivy league research university in ithaca Cornell
57%
Major city in NY known for its Erie Canal Museum Syracuse
48%
Major investment banking company HQed in NYC J.P.Morgan/Chase
42%
No matching quizzes found
Score Distribution
Percent of People with Each Score
Percentile by Number Answered
Your Score History
You have not taken this quiz